000
00275nam a22001097a 4500
008
170105b xxu||||| |||| 00| 0 eng d
020
_a
9781578399789
041
_a
eng
080
_a
618.2
245
_a
THE CMS HOSPITAL CONDITIONS OF PARTICIPATION
_c
SCALESE, R
942
_2
udc
_c
BK
999
_c
2547
_d
2547